00707cam a22002291 4500001001300000003000400013005001700017008004100034010001700075035001900092040001800111042001200129050001700141082001500158100002100173245009400194260004700288300002300335440005000358650005200408999001700460sa 68008828 DLC20260227112537.0780224s1967 pk bd 000 0 eng  asa 68008828  a(OCoLC)3666242 aDLCcTNJdDLC apremarc00aZ7004.D5bW3 a016.491/031 aWajid, Mohammad.10aOriental dictionaries;ba select bibliography,ccompiled and annotated by Mohammad Wajid. aKarachi,bLibrary Promotion Bureau,c1967. axii, 54 p.c21 cm. 0aLibrary Promotion Bureau. Publication,vno. 2 0aOriental languagesxDictionariesvBibliography. c82597d82597